Kvalita, technológie, diagnostika v technických systémoch : Zborník vedeckých prác

Saved in:
Bibliographic Details
Other Authors: Bergel, Richard (Reviewer), Blata, Jan (Reviewer), Černý, Michal (Reviewer), Dobranský, Jozef (Reviewer), Filípek, Josef (Reviewer), Helebrant, František (Reviewer), Hricová, Júlia (Reviewer), Chrást, Vlastimil (Reviewer), Krilek, Jozef (Reviewer), Kučera, Marián (Reviewer), Sujová, Erika (Reviewer), Ťavodová, Miroslava (Reviewer)
Format: Book
Language:Slovak
Published: Nitra : Slovenská poľnohospodárska univerzita v Nitre, 2014
Edition:1. vyd.
Tags: Add Tag
No Tags, Be the first to tag this record!

MARC

LEADER 00000nam a22000003a 4500
001 stu290232
005 20150617230259.2
008 140530s2014----xo------------------slo-d
020 |a 978-80-552-1194-7 
040 |a STU  |b slo 
041 0 |a slo 
044 |a xo 
100 1 |a Bergel, Richard  |4 rev 
242 0 0 |a Quality, technologies, diagnostics of technical systems  |y eng 
245 1 |a Kvalita, technológie, diagnostika v technických systémoch :  |b Zborník vedeckých prác 
250 |a 1. vyd. 
260 |a Nitra :  |b Slovenská poľnohospodárska univerzita v Nitre,  |c 2014 
300 |a 297 s 
700 1 |a Blata, Jan  |4 rev 
700 1 |a Černý, Michal  |4 rev 
700 1 |a Dobranský, Jozef  |4 rev 
700 1 |a Filípek, Josef  |4 rev 
700 1 |a Helebrant, František  |4 rev 
700 1 |a Hricová, Júlia  |4 rev 
700 1 |a Chrást, Vlastimil  |4 rev 
700 1 |a Krilek, Jozef  |4 rev 
700 1 |a Kučera, Marián  |4 rev 
700 1 |a Sujová, Erika  |4 rev 
700 1 |a Ťavodová, Miroslava  |4 rev 
996 |b 284M086094  |c M*Z-4194  |l MMKN  |s A  |a 24  |w stu290232_0001